Đang tải...

Quantum bhouthikathile darsanika prasnangal

Chi tiết về thư mục
Tác giả chính: Vijaya Kumar V
Định dạng: Printed Book
Được phát hành: kozhikode Mathrubhumi Bokks 2013
LEADER 00430nam a22001337a 4500
999 |c 241058  |d 241058 
020 |a 9788182656376 
082 |a 530  |b VIJ.Q 
100 |a Vijaya Kumar V 
245 |a Quantum bhouthikathile darsanika prasnangal 
260 |a kozhikode  |b Mathrubhumi Bokks  |c 2013 
300 |a 110 
942 |c BK 
952 |0 0  |1 0  |4 0  |6 530_000000000000000_VIJ_Q  |7 0  |9 255668  |a DCI  |b DCI  |d 2019-12-12  |l 0  |o 530 VIJ.Q  |p DCI6339  |r 2019-12-12  |w 2019-12-12  |y BK